Search the Library Catalogue
| 000 -LEADER | |
|---|---|
| fixed length control field | 00552nam a2200193Ia 4500 |
| 008 - FIXED-LENGTH DATA ELEMENTS--GENERAL INFORMATION | |
| fixed length control field | 191130s2004##################000#0#eng## |
| 020 ## - INTERNATIONAL STANDARD BOOK NUMBER | |
| ISBN | 9781403916563 |
| 082 ## - DEWEY DECIMAL CLASSIFICATION NUMBER | |
| Classification number | 378.155 BEC |
| 100 ## - MAIN ENTRY--AUTHOR NAME | |
| Personal name | Becker, Lucinda |
| 245 ## - TITLE STATEMENT | |
| Title | How to manage your postgraduate course |
| Statement of responsibility, etc | Lucinda Becker |
| 260 ## - PUBLICATION, DISTRIBUTION, ETC. (IMPRINT) | |
| Place of publication | Basingstoke, Hampshire |
| Name of publisher | Palgrave Macmillan |
| Year of publication | c2004 |
| 300 ## - PHYSICAL DESCRIPTION | |
| Number of Pages | 187 p. ; 23 cm |
| 500 ## - GENERAL NOTE | |
| General note | Includes index |
| 650 ## - SUBJECT ADDED ENTRY--TOPICAL TERM | |
| Topical Term | Higher Education |
| 991 ## - | |
| -- | 347181 |
| Withdrawn status | Lost status | Damaged status | Not for loan | Home library | Current library | Date acquired | Full call number | Accession Number | Price effective from | Koha item type |
|---|---|---|---|---|---|---|---|---|---|---|
| Anna Centenary Library | Anna Centenary Library | 13.10.2020 | 378.155 BEC | 320801 | 13.10.2020 | English Books |